[Event "Joao Pessoa op 3rd"]
[Site "Joao Pessoa"]
[Date "2012.03.10"]
[Round "3"]
[White "Martins, Vinicius Tine"]
[Black "Wanderley, Rafaell M"]
[Result "1-0"]
[WhiteElo "2329"]
[BlackElo "2108"]
[PlyCount "121"]
[EventDate "2012.03.09"]
[EventType "swiss"]
[EventRounds "6"]
[EventCountry "BRA"]
[SourceTitle "CBM 147 Extra"]
[Source "ChessBase"]
[SourceDate "2012.04.24"]
[SourceVersion "1"]
[SourceVersionDate "2012.04.24"]
[SourceQuality "1"]

1. d4 Nf6 2. Nf3 d5 3. c4 e6 4. Nc3 Be7 5. Bg5 0-0 6. Qc2 h6 7. Bxf6 Bxf6 8. Rd1 c5 9. cxd5 exd5 10. e3 Nc6 11. dxc5 Qa5 12. Be2 Qxc5 13. Rd2 Rd8 14. Ne4 Qxc2 15. Nxf6+ gxf6 16. Rxc2 d4 17. exd4 Nxd4 18. Rd2 Nxf3+ 19. Bxf3 Be6 20. b3 Rxd2 21. Kxd2 Rd8+ 22. Ke3 Bd5 23. Rd1 Re8+ 24. Kf4 Bxf3 25. Kxf3 Re6 26. Rd4 Kf8 27. Rh4 Kg7 28. Ra4 a6 29. Rb4 b5 30. Rd4 f5 31. Rd7 Kf6 32. Ra7 Kg6 33. Kg3 Kg5 34. Kf3 Kg6 35. Rb7 Re4 36. h3 Re6 37. Ra7 Kf6 38. Kg3 Kg5 39. h4+ Kg6 40. f3 Rd6 41. Kf4 Kf6 42. g3 Rd4+ 43. Ke3 Rd6 44. Rc7 Kg7 45. Rc2 Kf6 46. Rc5 Kg6 47. Kf4 Rd4+ 48. Ke5 Rd3 49. Rc6+ Kg7 50. Kf4 a5 51. Ra6 a4 52. bxa4 Rd4+ 53. Ke3 Rxa4 54. Rxa4 bxa4 55. h5 Kf6 56. f4 Ke6 57. Kd4 Kd6 58. Kc4 Ke6 59. Kc5 a3 60. Kc6 f6 61. Kc5 1-0

[Event "Joao Pessoa op 3rd"]
[Site "Joao Pessoa"]
[Date "2012.03.10"]
[Round "4"]
[White "Wanderley, Rafaell M"]
[Black "Camara, Jose Arruda"]
[Result "1-0"]
[WhiteElo "2108"]
[BlackElo "1940"]
[PlyCount "73"]
[EventDate "2012.03.09"]
[EventType "swiss"]
[EventRounds "6"]
[EventCountry "BRA"]
[SourceTitle "CBM 147 Extra"]
[Source "ChessBase"]
[SourceDate "2012.04.24"]
[SourceVersion "1"]
[SourceVersionDate "2012.04.24"]
[SourceQuality "1"]

1. e4 e6 2. d4 d5 3. Bd3 dxe4 4. Bxe4 Nf6 5. Bf3 Be7 6. Ne2 0-0 7. c4 c6 8. Nbc3 Nbd7 9. Bf4 Qa5 10. a3 Qf5 11. Qb1 Qxb1+ 12. Rxb1 Nb6 13. c5 Nbd5 14. Be5 Nd7 15. Nxd5 exd5 16. Bf4 Nf6 17. 0-0 Bf5 18. Rbc1 Rfe8 19. Nc3 h6 20. b4 Ne4 21. b5 Bg5 22. Bxg5 Nxg5 23. Be2 Ne6 24. Rfd1 Re7 25. a4 Rae8 26. Bf1 Nf4 27. h3 g5 28. a5 h5 29. a6 h4 30. axb7 Rxb7 31. bxc6 Rb3 32. Nxd5 Nxd5 33. Bc4 Rb2 34. Bxd5 Ree2 35. Re1 Rxf2 36. Rf1 Rxf1+ 37. Rxf1 1-0

[Event "Joao Pessoa op 3rd"]
[Site "Joao Pessoa"]
[Date "2012.03.09"]
[Round "1"]
[White "Cunha, Rafael Fernandes"]
[Black "Wanderley, Rafaell M"]
[Result "0-1"]
[WhiteElo "1827"]
[BlackElo "2108"]
[PlyCount "72"]
[EventDate "2012.03.09"]
[EventType "swiss"]
[EventRounds "6"]
[EventCountry "BRA"]
[SourceTitle "CBM 147 Extra"]
[Source "ChessBase"]
[SourceDate "2012.04.24"]
[SourceVersion "1"]
[SourceVersionDate "2012.04.24"]
[SourceQuality "1"]

1. d4 d5 2. c4 e6 3. Nc3 Nf6 4. Nf3 Be7 5. Bg5 0-0 6. e3 h6 7. Bh4 Ne4 8. Bxe7 Qxe7 9. Nxe4 dxe4 10. Nd2 e5 11. d5 Bf5 12. Qc2 Nd7 13. Be2 Nc5 14. 0-0 a5 15. Nb3 Bg6 16. Nxc5 Qxc5 17. Rfd1 Ra6 18. Qc3 Re8 19. b3 f5 20. a3 Qe7 21. c5 Rf6 22. Qxa5 f4 23. Qc3 Ref8 24. Rd2 Kh8 25. Bf1 Bh5 26. b4 Rg6 27. g3 Bf3 28. Bg2 fxg3 29. fxg3 h5 30. Rf1 h4 31. gxh4 Rf5 32. Rff2 Qxh4 33. Qc4 Rh5 34. h3 Qxh3 35. Kf1 Qh1+ 36. Bxh1 Rxh1# 0-1

[Event "Paraiban-ch op"]
[Site "Joao Pessoa"]
[Date "2011.08.07"]
[Round "5"]
[White "Wanderley, Rafaell M"]
[Black "Silveira Filho, Neri da Silva"]
[Result "1-0"]
[WhiteElo "2080"]
[BlackElo "2237"]
[PlyCount "93"]
[EventDate "2011.08.05"]
[EventType "swiss"]
[EventRounds "6"]
[EventCountry "BRA"]
[SourceTitle "EXT 2014"]
[Source "ChessBase"]
[SourceDate "2013.11.20"]
[SourceVersion "1"]
[SourceVersionDate "2013.11.20"]
[SourceQuality "1"]

1. Nc3 g6 2. d4 Bg7 3. Bg5 h6 4. Bf4 d6 5. Qd2 Nc6 6. e3 e5 7. dxe5 dxe5 8. Qxd8+ Nxd8 9. Bg3 Ne7 10. Nb5 Ne6 11. Bc4 a6 12. Nc3 Nf5 13. 0-0-0 Nxg3 14. hxg3 0-0 15. Nd5 Re8 16. Nh3 b5 17. Be2 Bb7 18. Bf3 Rab8 19. e4 c6 20. Ne3 Bc8 21. Ng1 Nd4 22. c3 Ne6 23. Ne2 Nc5 24. Kc2 Be6 25. Nc1 a5 26. Nd3 Nxd3 27. Rxd3 a4 28. Kb1 a3 29. b3 c5 30. Rd2 f5 31. g4 f4 32. Nd5 Rbc8 33. Be2 c4 34. Kc2 Rc5 35. bxc4 bxc4 36. Rb1 Bc8 37. Rb4 Kh7 38. f3 Be6 39. Rxc4 Rec8 40. Rxc5 Rxc5 41. Kb3 Bf8 42. Bc4 Kg7 43. Rd1 Rc8 44. Rb1 Rc6 45. Bb5 Rc5 46. c4 Bxd5 47. exd5 1-0

[Event "Paraiban-ch op"]
[Site "Joao Pessoa"]
[Date "2011.08.05"]
[Round "2"]
[White "Rodrigues, Flavio Leite"]
[Black "Wanderley, Rafaell M"]
[Result "0-1"]
[WhiteElo "1896"]
[BlackElo "2080"]
[PlyCount "80"]
[EventDate "2011.08.05"]
[EventType "swiss"]
[EventRounds "6"]
[EventCountry "BRA"]
[SourceTitle "EXT 2014"]
[Source "ChessBase"]
[SourceDate "2013.11.20"]
[SourceVersion "1"]
[SourceVersionDate "2013.11.20"]
[SourceQuality "1"]

1. d4 d5 2. Nf3 Nf6 3. e3 e6 4. Bd3 c5 5. b3 Nc6 6. Bb2 cxd4 7. exd4 Bd6 8. 0-0 Qc7 9. c4 0-0 10. Re1 Rd8 11. Nbd2 b6 12. Rc1 Bb7 13. cxd5 Nxd5 14. Ne5 Bxe5 15. Rxe5 Qe7 16. Re1 Nf4 17. Bb1 Qg5 18. Be4 f5 19. Bf3 Rac8 20. Nc4 Nxg2 21. Qd2 Qxd2 22. Nxd2 Nxe1 23. Rxe1 Na5 24. Bd1 Bd5 25. f3 Kf7 26. Kf2 Nc6 27. a3 Na5 28. Ke3 Rc7 29. h4 Nb7 30. h5 Nd6 31. Rg1 Ne8 32. f4 Nf6 33. Nf3 Bxf3 34. Bxf3 Nd5+ 35. Kd2 Rdc8 36. Rc1 Rxc1 37. Bxc1 Nxf4 38. Bb2 Nd5 39. b4 g5 40. hxg6+ hxg6 0-1

[Event "Natal Potiguar op 4th"]
[Site "Natal"]
[Date "2009.07.12"]
[Round "5"]
[White "Da Costa, Jose Artanael Campo"]
[Black "Wanderley, Rafaell M"]
[Result "0-1"]
[WhiteElo "2051"]
[BlackElo "2066"]
[PlyCount "100"]
[EventDate "2009.07.10"]
[EventType "swiss"]
[EventRounds "6"]
[EventCountry "BRA"]
[SourceTitle "EXT 2012"]
[Source "ChessBase"]
[SourceDate "2011.11.24"]
[SourceVersion "1"]
[SourceVersionDate "2011.11.24"]
[SourceQuality "1"]

1. e4 c5 2. Nf3 d6 3. Bc4 Nf6 4. Nc3 e6 5. 0-0 Be7 6. h3 0-0 7. d4 cxd4 8. Nxd4 a6 9. Nf3 b5 10. Bd3 Nbd7 11. b4 Qc7 12. Bb2 Bb7 13. a3 Nb6 14. Nd2 Nfd7 15. Ne2 d5 16. exd5 Bxd5 17. Ng3 Bf6 18. Bxf6 Nxf6 19. Nde4 Nxe4 20. Nxe4 Bxe4 21. Bxe4 Rad8 22. Qe2 Rd7 23. Rfd1 Rfd8 24. Rd3 Na4 25. Qf3 f5 26. Rxd7 Rxd7 27. Bd3 Qc3 28. Rb1 Nb6 29. g4 Rf7 30. Qe3 Nd5 31. Qxe6 Nf4 32. Qe3 fxg4 33. hxg4 Qc6 34. Be4 Qh6 35. Bg2 Qg5 36. Qf3 h5 37. gxh5 Nxh5 38. Qa8+ Kh7 39. Qe4+ Kh6 40. Re1 Rf6 41. Re3 Rf4 42. Qe6+ Rf6 43. Qh3 Kh7 44. Rg3 Qc1+ 45. Bf1 Rh6 46. Qf5+ Kh8 47. Re3 Nf6 48. Rd3 Ng8 49. Rd8 Rf6 50. Qh5+ Rh6 0-1

[Event "BRA-ch sf"]
[Site "Recife"]
[Date "2007.11.01"]
[Round "1"]
[White "Name, Gabriel Ricardo"]
[Black "Wanderley, Rafaell M"]
[Result "1-0"]
[WhiteElo "2241"]
[BlackElo "2053"]
[PlyCount "22"]
[EventDate "2007.11.01"]
[EventType "swiss"]
[EventCountry "BRA"]
[SourceTitle "EXT 2022"]
[Source "ChessBase"]
[SourceDate "2021.10.06"]
[SourceVersion "1"]
[SourceVersionDate "2021.10.06"]
[SourceQuality "1"]

1. d4 Nf6 2. c4 d6 3. Nc3 e5 4. Nf3 e4 5. Nd2 Bf5 6. g4 Bxg4 7. Ndxe4 Nxe4 8. Nxe4 d5 9. cxd5 Qxd5 10. Bg2 Qf5 11. Nc3 Qg6 1-0

[Event "Porto-ch fin"]
[Site "Porto"]
[Date "2005.??.??"]
[Round "1"]
[White "Coelho, Jorge Manuel"]
[Black "Wanderley, Rafaell M"]
[Result "0-1"]
[WhiteElo "2025"]
[BlackElo "2015"]
[PlyCount "38"]
[EventDate "2005.??.??"]
[EventType "swiss"]
[EventRounds "5"]
[EventCountry "POR"]
[SourceTitle "EXT 2007"]
[Source "ChessBase"]
[SourceDate "2006.11.23"]
[SourceVersion "1"]
[SourceVersionDate "2006.11.23"]
[SourceQuality "1"]

1. d4 d5 2. c4 e5 3. dxe5 d4 4. Nf3 Nc6 5. g3 Bg4 6. Nbd2 Nge7 7. Bg2 Ng6 8. 0-0 Qd7 9. Nb3 0-0-0 10. Bf4 Nxf4 11. gxf4 f6 12. c5 Qf5 13. Nbxd4 Nxd4 14. Nxd4 Qg6 15. Bxb7+ Kxb7 16. c6+ Ka8 17. Kh1 Bh3 18. Rg1 Qe4+ 19. f3 Qxd4 0-1

[Event "Boavista-ch 3rd"]
[Site "Lisbon"]
[Date "2004.04.11"]
[Round "9"]
[White "Wanderley, Rafaell M"]
[Black "Pinheiro, Albano Guise"]
[Result "1-0"]
[WhiteElo "1993"]
[BlackElo "2079"]
[PlyCount "57"]
[EventDate "2004.04.05"]
[EventType "swiss"]
[EventRounds "9"]
[EventCountry "POR"]
[SourceTitle "EXT 2005"]
[Source "ChessBase"]
[SourceDate "2004.11.15"]
[SourceVersion "1"]
[SourceVersionDate "2004.11.15"]
[SourceQuality "1"]

1. e4 c5 2. Nf3 Nc6 3. Bb5 g6 4. 0-0 Bg7 5. Re1 d6 6. c3 a6 7. Bf1 Bg4 8. h3 Bxf3 9. Qxf3 e6 10. d3 Nge7 11. Be3 0-0 12. Qg3 f5 13. f4 b6 14. Nd2 Qd7 15. Nf3 e5 16. Rad1 Rad8 17. Be2 Qe6 18. a3 d5 19. b4 exf4 20. Bxf4 fxe4 21. dxe4 Qxe4 22. Bd2 Ne5 23. bxc5 bxc5 24. Kh1 Nf5 25. Qf2 Nxf3 26. Bxf3 Qc4 27. g4 Nh4 28. Qxh4 Rxf3 29. Qxd8+ 1-0

[Event "Boavista-ch 3rd"]
[Site "Lisbon"]
[Date "2004.04.09"]
[Round "5"]
[White "Baptista, Ana Filipa"]
[Black "Wanderley, Rafaell M"]
[Result "1-0"]
[WhiteElo "2054"]
[BlackElo "1993"]
[PlyCount "114"]
[EventDate "2004.04.05"]
[EventType "swiss"]
[EventRounds "9"]
[EventCountry "POR"]
[SourceTitle "EXT 2005"]
[Source "ChessBase"]
[SourceDate "2004.11.15"]
[SourceVersion "1"]
[SourceVersionDate "2004.11.15"]
[SourceQuality "1"]

1. e4 c5 2. Nf3 d6 3. d4 cxd4 4. Nxd4 Nf6 5. Nc3 a6 6. f3 e5 7. Nb3 Be6 8. Be3 Be7 9. Be2 0-0 10. 0-0 d5 11. exd5 Nxd5 12. Nxd5 Bxd5 13. Bd3 Nc6 14. c3 Na5 15. Nxa5 Qxa5 16. b4 Qc7 17. Bxh7+ Kxh7 18. Qxd5 Qxc3 19. Bf2 Qxb4 20. Rab1 Rad8 21. Qxe5 Qd6 22. Qh5+ Kg8 23. Rxb7 Bf6 24. Rb6 Qd3 25. Qg4 Bd4 26. Bxd4 Rxd4 27. Qg3 Ra4 28. Qf2 Rc4 29. Rb3 Qd5 30. Rb2 Rd8 31. h3 Rd4 32. Re2 a5 33. Rfe1 Qb5 34. Qe3 a4 35. Qc1 Qb4 36. Qc2 Qb5 37. Qb1 Qc6 38. Qc2 Qb5 39. Re5 Qb8 40. Qc6 Rd1 41. Qxa4 Qxe5 42. Rxd1 Rb8 43. Qd4 Qa5 44. a4 Re8 45. Kh2 Ra8 46. Ra1 Qg5 47. Qe4 Ra6 48. Rb1 Rg6 49. f4 Qg3+ 50. Kh1 Qh4 51. a5 Qd8 52. Rb5 Rd6 53. Re5 Kf8 54. Rh5 Rh6 55. Rxh6 gxh6 56. a6 Qb8 57. Qd4 h5 1-0

[Event "Boavista-ch 3rd"]
[Site "Lisbon"]
[Date "2004.04.08"]
[Round "4"]
[White "Martins, Hugo Fidalgo"]
[Black "Wanderley, Rafaell M"]
[Result "0-1"]
[WhiteElo "2093"]
[BlackElo "1993"]
[PlyCount "68"]
[EventDate "2004.04.05"]
[EventType "swiss"]
[EventRounds "9"]
[EventCountry "POR"]
[SourceTitle "EXT 2005"]
[Source "ChessBase"]
[SourceDate "2004.11.15"]
[SourceVersion "1"]
[SourceVersionDate "2004.11.15"]
[SourceQuality "1"]

1. e4 c5 2. Nf3 d6 3. d4 cxd4 4. Nxd4 Nf6 5. Nc3 a6 6. f3 e5 7. Nb3 Be6 8. Be3 Be7 9. Qd2 0-0 10. 0-0-0 Nbd7 11. g4 Qc7 12. Qf2 b5 13. g5 Nh5 14. h4 Rab8 15. Bh3 a5 16. Bg4 a4 17. Nd2 Rfc8 18. Ndb1 b4 19. Nd5 Bxd5 20. exd5 b3 21. axb3 Rxb3 22. Bxh5 Rxe3 23. c3 Qb6 24. Rd2 Nc5 25. Kd1 Nd3 26. Qg2 Qb3+ 27. Rc2 Nxb2+ 28. Kc1 Nd3+ 29. Kd2 Nf4 30. Kxe3 Nxg2+ 31. Rxg2 a3 32. Nd2 Rxc3+ 33. Kf2 Qxd5 34. Kg3 Rc2 0-1

[Event "GXP Serie-A 2nd"]
[Site "Portugal"]
[Date "2004.??.??"]
[Round "7"]
[White "Wanderley, Rafaell M"]
[Black "Araujo, Jose Verissimo"]
[Result "1/2-1/2"]
[WhiteElo "2015"]
[BlackElo "1950"]
[PlyCount "28"]
[EventDate "2004.??.??"]
[EventType "tourn"]
[EventRounds "9"]
[EventCountry "POR"]
[SourceTitle "EXT 2007"]
[Source "ChessBase"]
[SourceDate "2006.11.23"]
[SourceVersion "1"]
[SourceVersionDate "2006.11.23"]
[SourceQuality "1"]

1. e4 d6 2. d4 Nf6 3. Nc3 g6 4. f4 Bg7 5. Nf3 0-0 6. Bd3 Na6 7. 0-0 c5 8. d5 Nc7 9. h3 b5 10. Nxb5 Nxb5 11. Bxb5 Nxe4 12. Qd3 Nf6 13. c4 e6 14. dxe6 fxe6 1/2-1/2

[Event "Monte Estoril op"]
[Site "Monte Estoril"]
[Date "2003.12.06"]
[Round "1"]
[White "Martins, Hugo Fidalgo"]
[Black "Wanderley, Rafaell M"]
[Result "1/2-1/2"]
[WhiteElo "2101"]
[BlackElo "2017"]
[PlyCount "54"]
[EventDate "2003.12.06"]
[EventType "swiss"]
[EventRounds "2"]
[EventCountry "POR"]
[SourceTitle "EXT 2005"]
[Source "ChessBase"]
[SourceDate "2004.11.15"]
[SourceVersion "1"]
[SourceVersionDate "2004.11.15"]
[SourceQuality "1"]

1. e4 c5 2. Nf3 d6 3. d4 cxd4 4. Nxd4 Nf6 5. Nc3 a6 6. f3 e6 7. Be3 Be7 8. Qd2 b5 9. g4 0-0 10. 0-0-0 Bb7 11. h4 Qc7 12. g5 Nfd7 13. h5 Nc6 14. Nxc6 Bxc6 15. Ne2 Rac8 16. Nd4 Ne5 17. g6 Nxf3 18. Qd3 Ne5 19. gxh7+ Kxh7 20. Qe2 Bxe4 21. Rh2 Qc4 22. Qxc4 Nxc4 23. Bxc4 Rxc4 24. Nxe6 Bf3 25. Rd4 Rxd4 26. Nxd4 Bg4 27. h6 g6 1/2-1/2

[Event "Porto-ch U18"]
[Site "Porto"]
[Date "2002.02.03"]
[Round "7.2"]
[White "Quinta, Daniel"]
[Black "Wanderley, Rafaell M"]
[Result "0-1"]
[WhiteElo "2033"]
[BlackElo "1578"]
[PlyCount "50"]
[EventDate "2002.02.??"]
[EventType "swiss"]
[EventRounds "7"]
[EventCountry "POR"]
[SourceTitle "EXT 2003"]
[Source "ChessBase"]
[SourceDate "2002.11.25"]
[SourceVersion "1"]
[SourceVersionDate "2002.11.25"]
[SourceQuality "1"]

1. e4 c5 2. Nf3 d6 3. d4 cxd4 4. Nxd4 Nf6 5. Nc3 a6 6. Bg5 e6 7. f4 Qb6 8. Qd2 Qxb2 9. Rb1 Qa3 10. f5 Be7 11. fxe6 fxe6 12. Bc4 d5 13. exd5 Bb4 14. Rxb4 Qxb4 15. Bxf6 gxf6 16. Qd3 e5 17. Ne6 Bxe6 18. dxe6 b5 19. Bd5 Ra7 20. Qf3 Rc7 21. Qh5+ Kd8 22. e7+ Rxe7 23. 0-0 Nd7 24. Kh1 f5 25. Bc6 Qxc3 0-1

[Event "Porto-ch U18"]
[Site "Porto"]
[Date "2002.01.13"]
[Round "3.2"]
[White "Wanderley, Rafaell M"]
[Black "Figueiredo, Pedro Jose"]
[Result "0-1"]
[WhiteElo "1578"]
[BlackElo "1567"]
[PlyCount "62"]
[EventDate "2002.02.??"]
[EventType "swiss"]
[EventRounds "7"]
[EventCountry "POR"]
[SourceTitle "EXT 2003"]
[Source "ChessBase"]
[SourceDate "2002.11.25"]
[SourceVersion "1"]
[SourceVersionDate "2002.11.25"]
[SourceQuality "1"]

1. e4 c5 2. Nf3 d6 3. d4 cxd4 4. Nxd4 Nf6 5. Nc3 g6 6. Be3 Bg7 7. f3 Nc6 8. Bc4 0-0 9. Qd2 Bd7 10. Bb3 Rc8 11. 0-0-0 Ne5 12. g4 Nc4 13. Bxc4 Rxc4 14. h4 h5 15. g5 Ne8 16. Nb3 Qc7 17. Bd4 Ba4 18. Bxg7 Nxg7 19. Rhf1 Bxb3 20. axb3 Rc5 21. Nd5 Qd7 22. e5 Nf5 23. Qb4 Rfc8 24. Rf2 Kg7 25. exd6 Qxd6 26. c4 Rxd5 27. Qc3+ Rd4 28. Rfd2 Rd8 29. Kb1 Kg8 30. c5 Qf4 31. Kc2 Ne3+ 0-1

[Event "Porto-ch U18"]
[Site "Porto"]
[Date "2002.01.12"]
[Round "2.2"]
[White "Viela, Marco Antonio Folha"]
[Black "Wanderley, Rafaell M"]
[Result "1/2-1/2"]
[WhiteElo "1842"]
[BlackElo "1578"]
[PlyCount "140"]
[EventDate "2002.02.??"]
[EventType "swiss"]
[EventRounds "7"]
[EventCountry "POR"]
[SourceTitle "EXT 2003"]
[Source "ChessBase"]
[SourceDate "2002.11.25"]
[SourceVersion "1"]
[SourceVersionDate "2002.11.25"]
[SourceQuality "1"]

1. e4 c5 2. c3 d6 3. d4 Nf6 4. f3 Nc6 5. dxc5 e6 6. cxd6 Bxd6 7. Na3 0-0 8. Nc4 Be7 9. Qxd8 Rxd8 10. Be3 b5 11. Nd2 a6 12. Ne2 e5 13. Ng3 Be6 14. Be2 Nd7 15. 0-0 Nc5 16. Nf5 Bf8 17. b3 Nd3 18. Rfd1 Nb2 19. Rdc1 Nd3 20. Rc2 Rac8 21. Rd1 Ncb4 22. Bb6 Bc5+ 23. Bxc5 Rxc5 24. Bxd3 Rxd3 25. Rb2 Rcxc3 26. Kf2 Nc6 27. Nb1 Rxb3 28. Rxd3 Rxb2+ 29. Nd2 Bxf5 30. exf5 Nd4 31. Ke3 f6 32. Ke4 Rb4 33. Kd5 Nxf5 34. Ke6 Nd4+ 35. Ke7 Nc6+ 36. Kd6 Rd4+ 37. Rxd4 Nxd4 38. Kc5 a5 39. Kb6 a4 40. Kc5 f5 41. Kd5 b4 42. Kxe5 Nb5 43. Kd5 Nc3+ 44. Kc4 Nxa2 45. Kb5 a3 46. Nb3 Kf7 47. Kc4 Ke6 48. f4 h6 49. Nd4+ Kf6 50. Kb3 Nc1+ 51. Kxb4 Ne2 52. Nc2 Nxf4 53. g3 Ng2 54. Kxa3 Kg5 55. Kb3 Kg4 56. Nd4 Ne3 57. Kc3 Nd5+ 58. Kd3 f4 59. gxf4 Nxf4+ 60. Ke3 g5 61. Kf2 Kh3 62. Kf3 Ng2 63. Nf5 h5 64. Ng3 h4 65. Nf1 g4+ 66. Kf2 Nf4 67. Ke3 Ne6 68. Kf2 Ng5 69. Ne3 g3+ 70. hxg3 hxg3+ 1/2-1/2